header

The human firm (Record no. 64112)

MARC details
000 -LEADER
fixed length control field 01400nam a2200361Ia 4500
082 04 - DEWEY DECIMAL CLASSIFICATION NUMBER
Classification number 658.4/08
100 1# - MAIN ENTRY--AUTHOR NAME
Personal name Tomer, John F.
245 14 - TITLE STATEMENT
Title The human firm
260 ## - PUBLICATION, DISTRIBUTION, ETC. (IMPRINT)
Place of publication London ;
-- New York :
Name of publisher Routledge,
Year of publication 1999.
300 ## - PHYSICAL DESCRIPTION
Number of Pages xvii, 228 p. :
Other physical details ill.
650 #0 - SUBJECT ADDED ENTRY--TOPICAL TERM
Topical Term Social responsibility of business.
Topical Term Industries
Topical Term Industries
Topical Term Issues management.
Topical Term Industrial sociology.
Topical Term Human capital.
856 40 - ELECTRONIC LOCATION AND ACCESS
Uniform Resource Identifier http://site.ebrary.com/lib/rucke/Doc?id=10054897

No items available.

© 2026 Rongo University
Contact us: librarian | system librarian | Rongo university